[Event "Team Championship Russia (Blitz, Men)"]
[Site "Sochi"]
[Date "2018.10.10"]
[Round "1.17"]
[White "Alekseenko, Kirill"]
[Black "Oparin, Grigoriy"]
[Result "0-1"]
[BlackElo "2550"]
[WhiteElo "2613"]
[LiveChessVersion "1.4.8"]

1. d4 {[%clk 0:03:03]} Nf6 {[%clk 0:03:03]} 2. Nc3 {[%clk 0:03:04]} d5
{[%clk 0:03:03]} 3. Bf4 {[%clk 0:03:06]} e6 {[%clk 0:03:01]} 4. Nb5
{[%clk 0:03:07]} Na6 {[%clk 0:03:02]} 5. e3 {[%clk 0:03:07]} Be7 {[%clk 0:03:02]}
6. Nf3 {[%clk 0:03:03]} O-O {[%clk 0:03:02]} 7. Be2 {[%clk 0:03:01]} c6
{[%clk 0:02:44]} 8. Nc3 {[%clk 0:03:00]} c5 {[%clk 0:02:45]} 9. h3
{[%clk 0:02:47]} Bd7 {[%clk 0:02:42]} 10. O-O {[%clk 0:02:46]} Rc8
{[%clk 0:02:39]} 11. a4 {[%clk 0:02:25]} Nb4 {[%clk 0:02:21]} 12. Ne5
{[%clk 0:02:24]} a6 {[%clk 0:02:13]} 13. a5 {[%clk 0:02:16]} Nc6 {[%clk 0:02:04]}
14. Nxd7 {[%clk 0:01:45]} Nxd7 {[%clk 0:02:02]} 15. dxc5 {[%clk 0:01:39]} Bxc5
{[%clk 0:01:57]} 16. Bd3 {[%clk 0:01:18]} h6 {[%clk 0:01:40]} 17. Qh5
{[%clk 0:01:11]} Nf6 {[%clk 0:01:33]} 18. Qh4 {[%clk 0:01:06]} e5
{[%clk 0:01:09]} 19. Bxh6 {[%clk 0:00:38]} gxh6 {[%clk 0:01:10]} 20. Bf5
{[%clk 0:00:36]} Kg7 {[%clk 0:00:22]} 21. Ra4 {[%clk 0:00:31]} d4
{[%clk 0:00:17]} 22. Qg3+ {[%clk 0:00:12]} Kh8 {[%clk 0:00:18]} 23. Qh4
{[%clk 0:00:13]} Ng8 {[%clk 0:00:19]} 24. Bxc8 {[%clk 0:00:09]} Qxh4
{[%clk 0:00:20]} 0-1

[Event "Team Championship Russia (Blitz, Men)"]
[Site "Sochi"]
[Date "2018.10.10"]
[Round "1.18"]
[White "Diakonova, Ekaterina"]
[Black "Alekseev, Evgeny"]
[Result "0-1"]
[BlackElo "2629"]
[WhiteElo "2065"]
[LiveChessVersion "1.4.8"]

1. e4 {[%clk 0:03:02]} c5 {[%clk 0:03:02]} 2. c3 {[%clk 0:03:04]} d5
{[%clk 0:02:59]} 3. exd5 {[%clk 0:03:05]} Qxd5 {[%clk 0:03:00]} 4. d4
{[%clk 0:03:06]} e6 {[%clk 0:03:00]} 5. Nf3 {[%clk 0:03:06]} Nf6 {[%clk 0:03:01]}
6. Na3 {[%clk 0:02:56]} Nc6 {[%clk 0:03:03]} 7. Nb5 {[%clk 0:02:57]} Qd8
{[%clk 0:03:03]} 8. dxc5 {[%clk 0:02:58]} Bxc5 {[%clk 0:03:03]} 9. Qxd8+
{[%clk 0:02:55]} Kxd8 {[%clk 0:03:04]} 10. Bf4 {[%clk 0:02:56]} Ne4
{[%clk 0:03:05]} 11. Rd1+ {[%clk 0:02:57]} Ke7 {[%clk 0:03:05]} 12. Nbd4
{[%clk 0:02:58]} Nxd4 {[%clk 0:03:06]} 13. Nxd4 {[%clk 0:02:58]} Bd6
{[%clk 0:03:06]} 14. Bxd6+ {[%clk 0:02:32]} Nxd6 {[%clk 0:03:07]} 15. Nb5
{[%clk 0:02:33]} Ne8 {[%clk 0:03:07]} 16. f4 {[%clk 0:01:35]} Bd7
{[%clk 0:03:07]} 17. Nd4 {[%clk 0:01:33]} Nd6 {[%clk 0:02:57]} 18. Be2
{[%clk 0:01:14]} Rhc8 {[%clk 0:02:43]} 19. Bf3 {[%clk 0:00:58]} Rc7
{[%clk 0:02:39]} 20. O-O {[%clk 0:00:53]} Rb8 {[%clk 0:02:39]} 21. Rfe1
{[%clk 0:00:36]} g6 {[%clk 0:02:34]} 22. g4 {[%clk 0:00:36]} Rc5 {[%clk 0:02:03]}
23. Kf2 {[%clk 0:00:15]} b5 {[%clk 0:01:33]} 24. a3 {[%clk 0:00:16]} Rb6
{[%clk 0:01:26]} 25. h4 {[%clk 0:00:17]} Nc4 26. Re2 Nd6 {[%clk 0:01:19]} 27.
Ree1 {[%clk 0:00:19]} a5 {[%clk 0:00:29]} 28. Nb3 {[%clk 0:00:20]} Rc4
{[%clk 0:00:30]} 29. Kg3 {[%clk 0:00:16]} a4 {[%clk 0:00:28]} 30. Nd4
{[%clk 0:00:17]} Rc5 {[%clk 0:00:29]} 31. Re2 {[%clk 0:00:19]} Bc8
{[%clk 0:00:23]} 32. Rde1 {[%clk 0:00:20]} Bb7 {[%clk 0:00:21]} 33. Re5
{[%clk 0:00:19]} Rxe5 {[%clk 0:00:18]} 34. Rxe5 {[%clk 0:00:15]} Bxf3
{[%clk 0:00:19]} 35. Kxf3 {[%clk 0:00:16]} Kd7 {[%clk 0:00:18]} 36. Re2
{[%clk 0:00:12]} Nc4 {[%clk 0:00:18]} 37. Kg3 {[%clk 0:00:12]} Kd6
{[%clk 0:00:16]} 38. Kf3 {[%clk 0:00:13]} Kd5 {[%clk 0:00:16]} 39. Kg3
{[%clk 0:00:11]} Kc5 {[%clk 0:00:15]} 40. Kf3 {[%clk 0:00:11]} Rd6
{[%clk 0:00:15]} 41. Ke4 {[%clk 0:00:11]} f6 {[%clk 0:00:14]} 42. Kf3
{[%clk 0:00:10]} e5 {[%clk 0:00:15]} 43. Nc2 {[%clk 0:00:10]} Rd3+
{[%clk 0:00:13]} 44. Kf2 {[%clk 0:00:10]} Rd1 {[%clk 0:00:12]} 45. g5
{[%clk 0:00:10]} fxg5 {[%clk 0:00:12]} 46. hxg5 {[%clk 0:00:10]} exf4
{[%clk 0:00:13]} 47. Nd4 {[%clk 0:00:09]} Rb1 {[%clk 0:00:12]} 48. Ne6+
{[%clk 0:00:11]} Kc6 {[%clk 0:00:11]} 49. Nd4+ {[%clk 0:00:12]} Kc5
{[%clk 0:00:11]} 50. Ne6+ {[%clk 0:00:13]} Kb6 {[%clk 0:00:13]} 51. Nxf4
{[%clk 0:00:14]} Rxb2 {[%clk 0:00:14]} 52. Ne6 {[%clk 0:00:09]} Rxe2+
{[%clk 0:00:14]} 53. Kxe2 {[%clk 0:00:10]} Nxa3 {[%clk 0:00:14]} 54. Kd2
{[%clk 0:00:09]} Nc4+ {[%clk 0:00:14]} 55. Kc2 {[%clk 0:00:11]} Kc6
{[%clk 0:00:14]} 56. Nf8 {[%clk 0:00:12]} Kd6 {[%clk 0:00:11]} 57. Nxh7
{[%clk 0:00:13]} Ne5 {[%clk 0:00:12]} 58. Nf6 {[%clk 0:00:08]} Nf3
{[%clk 0:00:13]} 59. Ne4+ {[%clk 0:00:07]} Kd5 {[%clk 0:00:13]} 60. Nf6+
{[%clk 0:00:08]} Ke6 {[%clk 0:00:12]} 61. Ne4 {[%clk 0:00:09]} Ke5
{[%clk 0:00:12]} 62. Nc5 {[%clk 0:00:08]} Nxg5 {[%clk 0:00:12]} 63. Na6
{[%clk 0:00:08]} Ne4 {[%clk 0:00:12]} 64. Nc7 {[%clk 0:00:09]} Nd6
{[%clk 0:00:13]} 0-1

[Event "Team Championship Russia (Blitz, Men)"]
[Site "Sochi"]
[Date "2018.10.10"]
[Round "1.19"]
[White "Usmanov, Vasily"]
[Black "Borisova, Ekaterina"]
[Result "1-0"]
[BlackElo "2000"]
[WhiteElo "2446"]
[LiveChessVersion "1.4.8"]

1. d4 {[%clk 0:03:03]} d5 {[%clk 0:03:03]} 2. c4 {[%clk 0:03:01]} c6
{[%clk 0:03:05]} 3. Nf3 {[%clk 0:03:00]} Nf6 {[%clk 0:03:06]} 4. Qc2
{[%clk 0:03:01]} g6 {[%clk 0:03:05]} 5. Bf4 {[%clk 0:02:53]} Bg7 {[%clk 0:02:54]}
6. e3 {[%clk 0:02:47]} Bf5 {[%clk 0:02:52]} 7. Bd3 {[%clk 0:02:23]} Bxd3
{[%clk 0:02:52]} 8. Qxd3 {[%clk 0:02:24]} O-O {[%clk 0:02:52]} 9. Nc3
{[%clk 0:02:24]} dxc4 {[%clk 0:01:58]} 10. Qxc4 {[%clk 0:02:24]} b5
{[%clk 0:01:59]} 11. Qb3 {[%clk 0:01:43]} Nbd7 {[%clk 0:01:47]} 12. O-O
{[%clk 0:01:41]} Nh5 {[%clk 0:01:48]} 13. Bg5 {[%clk 0:01:37]} h6
{[%clk 0:01:49]} 14. Bh4 {[%clk 0:01:38]} g5 {[%clk 0:01:46]} 15. Bg3
{[%clk 0:01:38]} Nxg3 16. hxg3 {[%clk 0:01:39]} a5 {[%clk 0:01:41]} 17. a4
{[%clk 0:01:35]} b4 {[%clk 0:01:41]} 18. Ne4 {[%clk 0:01:35]} Kh7
{[%clk 0:01:25]} 19. g4 {[%clk 0:01:32]} e6 {[%clk 0:00:58]} 20. Rac1
{[%clk 0:01:31]} Rc8 {[%clk 0:00:59]} 21. Rfd1 {[%clk 0:01:26]} Qe7
{[%clk 0:00:58]} 22. Ng3 {[%clk 0:00:59]} Nf6 {[%clk 0:00:53]} 23. Rc5
{[%clk 0:00:52]} Nxg4 {[%clk 0:00:42]} 24. Rxa5 {[%clk 0:00:52]} Nf6
{[%clk 0:00:42]} 25. Rc1 {[%clk 0:00:50]} Nd5 {[%clk 0:00:36]} 26. Rac5
{[%clk 0:00:48]} Qb7 {[%clk 0:00:33]} 27. Ne4 {[%clk 0:00:45]} Rfd8
{[%clk 0:00:32]} 28. Qc2 {[%clk 0:00:39]} f5 {[%clk 0:00:33]} 29. Ned2
{[%clk 0:00:37]} g4 {[%clk 0:00:29]} 30. Ne1 {[%clk 0:00:33]} Nf6
{[%clk 0:00:25]} 31. Nd3 {[%clk 0:00:33]} Nd7 {[%clk 0:00:24]} 32. Rxc6
{[%clk 0:00:30]} Rxc6 {[%clk 0:00:17]} 33. Qxc6 {[%clk 0:00:31]} Qb6
{[%clk 0:00:11]} 34. Qxb6 {[%clk 0:00:24]} Nxb6 {[%clk 0:00:12]} 35. a5
{[%clk 0:00:25]} Na4 {[%clk 0:00:13]} 36. Ra1 {[%clk 0:00:20]} 1-0

[Event "Team Championship Russia (Blitz, Men)"]
[Site "Sochi"]
[Date "2018.10.10"]
[Round "1.20"]
[White "Cherenkov, Andrey"]
[Black "Romanov, Evgeny"]
[Result "0-1"]
[BlackElo "2523"]
[WhiteElo "2193"]
[LiveChessVersion "1.4.8"]

1. e4 {[%clk 0:03:02]} c5 {[%clk 0:03:02]} 2. Nc3 {[%clk 0:03:02]} Nc6
{[%clk 0:03:02]} 3. g3 {[%clk 0:03:04]} g6 {[%clk 0:03:03]} 4. Bg2
{[%clk 0:03:05]} Bg7 {[%clk 0:03:04]} 5. d3 {[%clk 0:03:06]} e5 {[%clk 0:03:05]}
6. Nh3 {[%clk 0:03:05]} Nge7 {[%clk 0:03:04]} 7. O-O {[%clk 0:03:04]} O-O
{[%clk 0:03:05]} 8. f4 {[%clk 0:03:05]} exf4 {[%clk 0:02:54]} 9. Nxf4
{[%clk 0:03:03]} d6 {[%clk 0:02:48]} 10. Be3 {[%clk 0:02:43]} Nd4
{[%clk 0:02:41]} 11. Qd2 {[%clk 0:02:42]} Rb8 {[%clk 0:02:25]} 12. Rf2
{[%clk 0:02:38]} f5 {[%clk 0:02:12]} 13. Raf1 {[%clk 0:02:30]} fxe4
{[%clk 0:02:07]} 14. Bxe4 {[%clk 0:02:13]} Nef5 {[%clk 0:02:02]} 15. Bd5+
{[%clk 0:01:39]} Kh8 {[%clk 0:02:03]} 16. Ne4 {[%clk 0:01:29]} Nxe3
{[%clk 0:01:54]} 17. Qxe3 {[%clk 0:01:30]} Nf5 {[%clk 0:01:49]} 18. Qd2
{[%clk 0:01:07]} Ne7 {[%clk 0:01:46]} 19. c3 {[%clk 0:00:51]} Rxf4
{[%clk 0:01:28]} 20. Qxf4 {[%clk 0:00:34]} Nxd5 {[%clk 0:01:29]} 21. Qf7
{[%clk 0:00:23]} Ne7 {[%clk 0:01:16]} 22. Rf6 {[%clk 0:00:11]} Bh3
{[%clk 0:00:59]} 23. Rxd6 {[%clk 0:00:11]} Qe8 {[%clk 0:00:36]} 24. Qxe8+
{[%clk 0:00:08]} Rxe8 {[%clk 0:00:37]} 25. Rf2 {[%clk 0:00:07]} c4
{[%clk 0:00:36]} 26. d4 {[%clk 0:00:07]} Nf5 {[%clk 0:00:37]} 27. Rd7
{[%clk 0:00:08]} Rxe4 {[%clk 0:00:35]} 28. Rd8+ Bf8 29. Rxf8+ {[%clk 0:00:07]}
Kg7 {[%clk 0:00:38]} 30. R8xf5 {[%clk 0:00:05]} gxf5 {[%clk 0:00:39]} 31. Rd2
{[%clk 0:00:06]} Kf6 {[%clk 0:00:39]} 32. Kf2 {[%clk 0:00:07]} Ke6
{[%clk 0:00:39]} 33. b3 {[%clk 0:00:08]} Kd5 {[%clk 0:00:39]} 34. Kf3
{[%clk 0:00:06]} Bg4+ {[%clk 0:00:39]} 35. Kf2 {[%clk 0:00:07]} b5
{[%clk 0:00:39]} 36. bxc4+ {[%clk 0:00:06]} Kxc4 37. Rb2 a6 {[%clk 0:00:38]} 38.
a4 {[%clk 0:00:08]} bxa4 {[%clk 0:00:37]} 39. Rb4+ {[%clk 0:00:09]} Kxc3
{[%clk 0:00:37]} 40. Rxa4 {[%clk 0:00:11]} Re2+ {[%clk 0:00:37]} 41. Kg1
{[%clk 0:00:12]} Re6 {[%clk 0:00:36]} 42. Kg2 {[%clk 0:00:12]} Be2
{[%clk 0:00:34]} 43. Kh3 {[%clk 0:00:07]} Rh6+ {[%clk 0:00:34]} 44. Kg2
{[%clk 0:00:08]} Rd6 {[%clk 0:00:34]} 45. Kf2 {[%clk 0:00:09]} Bb5
{[%clk 0:00:34]} 46. Ra1 {[%clk 0:00:06]} Rxd4 {[%clk 0:00:34]} 0-1

[Event "Team Championship Russia (Blitz, Men)"]
[Site "Sochi"]
[Date "2018.10.10"]
[Round "1.21"]
[White "Taysayev, Timur"]
[Black "Ponkratov, Pavel"]
[Result "0-1"]
[BlackElo "2647"]
[WhiteElo "2253"]
[LiveChessVersion "1.4.8"]

1. e4 {[%clk 0:03:03]} c5 {[%clk 0:03:03]} 2. Nf3 {[%clk 0:03:03]} b6
{[%clk 0:03:04]} 3. c4 {[%clk 0:03:03]} Bb7 {[%clk 0:03:04]} 4. Nc3
{[%clk 0:03:03]} e6 {[%clk 0:03:05]} 5. Be2 {[%clk 0:03:00]} d6 {[%clk 0:03:02]}
6. d4 {[%clk 0:02:58]} cxd4 {[%clk 0:03:02]} 7. Nxd4 {[%clk 0:02:58]} Nf6
{[%clk 0:03:03]} 8. O-O {[%clk 0:02:56]} Be7 {[%clk 0:03:03]} 9. f3
{[%clk 0:02:38]} O-O {[%clk 0:03:03]} 10. Be3 {[%clk 0:02:36]} a6
{[%clk 0:03:04]} 11. Rc1 {[%clk 0:02:33]} Qc7 {[%clk 0:03:03]} 12. Qe1
{[%clk 0:02:08]} Nbd7 {[%clk 0:03:03]} 13. Qg3 {[%clk 0:02:09]} Rfe8
{[%clk 0:02:58]} 14. Rfe1 {[%clk 0:01:55]} Rac8 {[%clk 0:02:59]} 15. Bf1
{[%clk 0:01:54]} Qb8 {[%clk 0:02:59]} 16. b3 {[%clk 0:01:42]} Bd8
{[%clk 0:03:00]} 17. Bd3 {[%clk 0:01:29]} Bc7 {[%clk 0:03:00]} 18. Qh3
{[%clk 0:01:30]} Ne5 {[%clk 0:02:48]} 19. Bb1 {[%clk 0:01:30]} Ng6
{[%clk 0:02:49]} 20. Kh1 {[%clk 0:01:21]} Ba8 {[%clk 0:02:35]} 21. Rcd1
{[%clk 0:01:13]} Bd8 {[%clk 0:02:31]} 22. Qg3 {[%clk 0:01:04]} b5
{[%clk 0:02:31]} 23. Bd3 {[%clk 0:01:01]} b4 {[%clk 0:02:21]} 24. Na4
{[%clk 0:00:55]} Bc7 {[%clk 0:02:22]} 25. Qh3 {[%clk 0:00:41]} Ne5
{[%clk 0:02:17]} 26. Bb1 {[%clk 0:00:32]} d5 {[%clk 0:02:18]} 27. Bg5
{[%clk 0:00:29]} dxc4 {[%clk 0:02:07]} 28. f4 {[%clk 0:00:19]} Neg4
{[%clk 0:01:59]} 29. Qf3 {[%clk 0:00:14]} h6 {[%clk 0:01:55]} 30. Bxf6
{[%clk 0:00:14]} Nxf6 {[%clk 0:01:56]} 31. bxc4 {[%clk 0:00:13]} Bxf4
{[%clk 0:01:56]} 32. g3 {[%clk 0:00:13]} Be5 {[%clk 0:01:57]} 0-1

[Event "Team Championship Russia (Blitz, Men)"]
[Site "Sochi"]
[Date "2018.10.10"]
[Round "1.22"]
[White "Lysyj, Igor"]
[Black "Nazaretyan, Tigran"]
[Result "1-0"]
[BlackElo "2307"]
[WhiteElo "2575"]
[LiveChessVersion "1.4.8"]

1. d4 {[%clk 0:03:02]} Nf6 {[%clk 0:03:03]} 2. c4 {[%clk 0:03:03]} d6
{[%clk 0:03:03]} 3. Nf3 {[%clk 0:03:04]} Nbd7 {[%clk 0:03:03]} 4. Nc3
{[%clk 0:03:04]} e5 {[%clk 0:03:04]} 5. e4 {[%clk 0:03:02]} Be7 {[%clk 0:03:03]}
6. Be2 {[%clk 0:03:03]} O-O {[%clk 0:03:03]} 7. O-O {[%clk 0:03:02]} c6
{[%clk 0:03:03]} 8. Be3 {[%clk 0:03:03]} a6 {[%clk 0:03:01]} 9. d5
{[%clk 0:02:51]} cxd5 {[%clk 0:02:52]} 10. cxd5 {[%clk 0:02:52]} b5
{[%clk 0:02:52]} 11. Nd2 {[%clk 0:02:39]} Ne8 {[%clk 0:02:44]} 12. b4
{[%clk 0:02:30]} Bg5 {[%clk 0:02:38]} 13. Bxg5 {[%clk 0:02:27]} Qxg5
{[%clk 0:02:38]} 14. a4 {[%clk 0:02:28]} bxa4 {[%clk 0:02:29]} 15. Nc4
{[%clk 0:02:15]} Rb8 {[%clk 0:02:19]} 16. Rxa4 {[%clk 0:02:08]} Nb6
{[%clk 0:02:19]} 17. Nxb6 {[%clk 0:02:05]} Rxb6 {[%clk 0:02:20]} 18. Qc1
{[%clk 0:01:25]} Qxc1 {[%clk 0:01:55]} 19. Rxc1 {[%clk 0:01:26]} Bd7
{[%clk 0:01:56]} 20. Rxa6 {[%clk 0:01:26]} Rxb4 {[%clk 0:01:57]} 21. f3
{[%clk 0:00:59]} Rb2 {[%clk 0:01:46]} 22. Bd3 {[%clk 0:00:51]} g6
{[%clk 0:01:30]} 23. Rc2 {[%clk 0:00:44]} Rb4 {[%clk 0:01:27]} 24. Ra7
{[%clk 0:00:27]} Nf6 {[%clk 0:01:19]} 25. Ne2 {[%clk 0:00:28]} Bb5
{[%clk 0:01:01]} 26. Bxb5 {[%clk 0:00:27]} Rxb5 {[%clk 0:01:03]} 27. Ra6
{[%clk 0:00:24]} Rd8 {[%clk 0:01:00]} 28. h4 {[%clk 0:00:16]} Kf8
{[%clk 0:00:56]} 29. Kf2 {[%clk 0:00:17]} Ke7 {[%clk 0:00:57]} 30. Ng3
{[%clk 0:00:08]} h5 {[%clk 0:00:56]} 31. Nf1 {[%clk 0:00:09]} Rd7
{[%clk 0:00:53]} 32. Ne3 {[%clk 0:00:10]} Rdb7 {[%clk 0:00:54]} 33. Rac6
{[%clk 0:00:10]} Rb2 {[%clk 0:00:50]} 34. Rxb2 {[%clk 0:00:09]} Rxb2+
{[%clk 0:00:51]} 35. Rc2 {[%clk 0:00:11]} Rb7 {[%clk 0:00:49]} 36. Nc4
{[%clk 0:00:10]} Rc7 {[%clk 0:00:47]} 37. Ne3 {[%clk 0:00:11]} Ra7
{[%clk 0:00:44]} 38. Rb2 {[%clk 0:00:09]} Nd7 {[%clk 0:00:43]} 39. Ke2
{[%clk 0:00:09]} Nc5 {[%clk 0:00:44]} 40. g3 {[%clk 0:00:08]} Ra3
{[%clk 0:00:42]} 41. Rc2 {[%clk 0:00:08]} Kd7 {[%clk 0:00:32]} 42. Nc4
{[%clk 0:00:09]} Ra1 {[%clk 0:00:28]} 43. Nxe5+ {[%clk 0:00:10]} dxe5
{[%clk 0:00:27]} 44. Rxc5 {[%clk 0:00:11]} Rg1 {[%clk 0:00:27]} 45. Kf2
{[%clk 0:00:12]} Rd1 {[%clk 0:00:26]} 46. Rc2 {[%clk 0:00:13]} Rd3
{[%clk 0:00:26]} 47. Ra2 {[%clk 0:00:13]} f5 {[%clk 0:00:26]} 48. Ra7+
{[%clk 0:00:12]} Ke8 {[%clk 0:00:13]} 49. Rg7 {[%clk 0:00:12]} fxe4
{[%clk 0:00:06]} 50. fxe4 {[%clk 0:00:13]} Rd2+ {[%clk 0:00:05]} 51. Ke3
{[%clk 0:00:14]} Rg2 {[%clk 0:00:05]} 52. Rxg6 {[%clk 0:00:14]} Kf7
{[%clk 0:00:06]} 53. Rg5 {[%clk 0:00:16]} Kf6 {[%clk 0:00:07]} 54. Kf3
{[%clk 0:00:16]} Ra2 {[%clk 0:00:06]} 55. Rxh5 {[%clk 0:00:17]} Ra3+
{[%clk 0:00:08]} 56. Kg4 {[%clk 0:00:16]} Ra8 {[%clk 0:00:05]} 57. Rf5+
{[%clk 0:00:17]} Kg6 {[%clk 0:00:06]} 58. Rxe5 {[%clk 0:00:17]} Kf6
{[%clk 0:00:06]} 59. Re6+ {[%clk 0:00:18]} Kf7 {[%clk 0:00:08]} 60. h5
{[%clk 0:00:19]} Rg8+ {[%clk 0:00:09]} 61. Kf4 {[%clk 0:00:20]} Ra8
{[%clk 0:00:08]} 62. g4 {[%clk 0:00:21]} Ra1 {[%clk 0:00:09]} 63. h6
{[%clk 0:00:22]} Rh1 {[%clk 0:00:10]} 64. Kg5 {[%clk 0:00:22]} Rh2
{[%clk 0:00:10]} 65. e5 {[%clk 0:00:21]} Rd2 {[%clk 0:00:11]} 66. Rf6+
{[%clk 0:00:21]} Ke7 {[%clk 0:00:12]} 67. d6+ Ke8 68. h7 {[%clk 0:00:22]} Rh2
{[%clk 0:00:14]} 69. Rh6 {[%clk 0:00:22]} 1-0

[Event "Team Championship Russia (Blitz, Men)"]
[Site "Sochi"]
[Date "2018.10.10"]
[Round "1.23"]
[White "Tenikashvili, Georgij"]
[Black "Shcherbakov, Ruslan"]
[Result "0-1"]
[BlackElo "2501"]
[WhiteElo "2114"]
[LiveChessVersion "1.4.8"]

1. d4 {[%clk 0:03:02]} Nf6 {[%clk 0:03:02]} 2. c4 {[%clk 0:03:02]} e6
{[%clk 0:03:03]} 3. Nf3 {[%clk 0:03:02]} b6 {[%clk 0:02:52]} 4. a3
{[%clk 0:03:00]} Ba6 {[%clk 0:02:52]} 5. Qc2 {[%clk 0:02:41]} Bb7
{[%clk 0:02:53]} 6. Nc3 {[%clk 0:02:36]} c5 {[%clk 0:02:52]} 7. dxc5
{[%clk 0:02:22]} Bxc5 {[%clk 0:02:50]} 8. Bg5 {[%clk 0:02:21]} h6
{[%clk 0:02:42]} 9. Bh4 {[%clk 0:02:21]} Nc6 {[%clk 0:02:42]} 10. e3
{[%clk 0:02:21]} O-O {[%clk 0:02:30]} 11. Be2 {[%clk 0:02:21]} Be7
{[%clk 0:02:10]} 12. O-O {[%clk 0:02:21]} Rc8 {[%clk 0:02:07]} 13. Rfd1
{[%clk 0:02:19]} Na5 {[%clk 0:01:29]} 14. Nd2 {[%clk 0:01:34]} Ne8
{[%clk 0:01:21]} 15. Bg3 {[%clk 0:01:19]} Nd6 {[%clk 0:01:19]} 16. b3
{[%clk 0:01:12]} Nf5 {[%clk 0:01:19]} 17. Bf4 {[%clk 0:00:54]} Bg5
{[%clk 0:01:07]} 18. Bxg5 {[%clk 0:00:20]} Qxg5 {[%clk 0:01:07]} 19. Bf3
{[%clk 0:00:21]} Nh4 {[%clk 0:01:07]} 20. Bxb7 {[%clk 0:00:21]} Nxb7
{[%clk 0:01:08]} 21. g3 {[%clk 0:00:17]} Nf5 {[%clk 0:01:06]} 22. Nde4
{[%clk 0:00:11]} Qe7 {[%clk 0:01:08]} 23. Qd2 {[%clk 0:00:05]} Rfd8
{[%clk 0:01:08]} 24. Rac1 {[%clk 0:00:05]} Na5 {[%clk 0:01:00]} 25. Qb2
{[%clk 0:00:04]} Nc6 {[%clk 0:01:00]} 26. b4 {[%clk 0:00:05]} Ne5
{[%clk 0:01:01]} 27. Kg2 {[%clk 0:00:06]} Nxc4 {[%clk 0:01:01]} 28. Qe2
{[%clk 0:00:07]} Ne5 {[%clk 0:00:55]} 29. Nb5 {[%clk 0:00:07]} d5
{[%clk 0:00:54]} 30. Nd2 {[%clk 0:00:08]} a6 {[%clk 0:00:51]} 31. Nd4
{[%clk 0:00:09]} Nxd4 {[%clk 0:00:37]} 32. exd4 {[%clk 0:00:10]} Nc4
{[%clk 0:00:34]} 33. Nxc4 {[%clk 0:00:10]} dxc4 {[%clk 0:00:35]} 34. Rxc4
{[%clk 0:00:11]} Qb7+ {[%clk 0:00:35]} 35. f3 Rxc4 {[%clk 0:00:33]} 36. Qxc4 b5
37. Qc3 {[%clk 0:00:12]} Qd5 {[%clk 0:00:33]} 38. Qc5 {[%clk 0:00:12]} Qa2+
{[%clk 0:00:33]} 39. Kh3 {[%clk 0:00:08]} Qxa3 {[%clk 0:00:34]} 40. Rf1
{[%clk 0:00:08]} Qd3 {[%clk 0:00:34]} 41. Kg2 {[%clk 0:00:06]} Qxd4
{[%clk 0:00:33]} 42. Qe7 {[%clk 0:00:06]} Qd6 {[%clk 0:00:32]} 43. Qxd6
{[%clk 0:00:07]} Rxd6 {[%clk 0:00:34]} 44. Ra1 {[%clk 0:00:07]} g5
{[%clk 0:00:32]} 45. Kf2 {[%clk 0:00:08]} Kg7 {[%clk 0:00:33]} 46. Ke3
{[%clk 0:00:10]} Kf6 {[%clk 0:00:34]} 47. Ke4 {[%clk 0:00:10]} Rc6
{[%clk 0:00:35]} 48. Kd3 {[%clk 0:00:10]} Ke5 {[%clk 0:00:35]} 49. Re1+
{[%clk 0:00:08]} Kd5 {[%clk 0:00:37]} 50. Ra1 {[%clk 0:00:10]} f5
{[%clk 0:00:34]} 51. h4 {[%clk 0:00:09]} gxh4 {[%clk 0:00:33]} 52. gxh4
{[%clk 0:00:10]} Rc4 {[%clk 0:00:33]} 53. Rxa6 {[%clk 0:00:08]} Rxh4
{[%clk 0:00:33]} 54. Kc3 {[%clk 0:00:07]} Rh3 {[%clk 0:00:34]} 55. Rb6
{[%clk 0:00:08]} Rxf3+ {[%clk 0:00:34]} 56. Kc2 {[%clk 0:00:09]} e5
{[%clk 0:00:25]} 57. Rxb5+ Kd4 58. Rb6 {[%clk 0:00:08]} Rf2+ {[%clk 0:00:27]} 59.
Kd1 {[%clk 0:00:08]} e4 {[%clk 0:00:28]} 60. Rxh6 {[%clk 0:00:08]} Rb2
{[%clk 0:00:27]} 61. Rf6 {[%clk 0:00:08]} Ke5 {[%clk 0:00:27]} 62. Rb6
{[%clk 0:00:09]} f4 {[%clk 0:00:28]} 63. Rb5+ {[%clk 0:00:09]} Kd4
{[%clk 0:00:29]} 64. Rf5 {[%clk 0:00:10]} f3 {[%clk 0:00:28]} 65. b5
{[%clk 0:00:11]} Kd3 {[%clk 0:00:27]} 66. Ke1 {[%clk 0:00:09]} e3
{[%clk 0:00:25]} 67. Rd5+ {[%clk 0:00:10]} Ke4 {[%clk 0:00:26]} 0-1

[Event "Team Championship Russia (Blitz, Men)"]
[Site "Sochi"]
[Date "2018.10.10"]
[Round "1.24"]
[White "Gutenev, Alexander"]
[Black "Basiev, Valeriy P."]
[Result "1-0"]
[BlackElo "2022"]
[WhiteElo "2440"]
[LiveChessVersion "1.4.8"]

1. e4 {[%clk 0:03:02]} e6 {[%clk 0:03:03]} 2. d4 {[%clk 0:03:04]} d5
{[%clk 0:03:04]} 3. Nc3 {[%clk 0:03:05]} Bb4 {[%clk 0:03:04]} 4. e5
{[%clk 0:03:06]} Ne7 {[%clk 0:03:04]} 5. a3 {[%clk 0:03:04]} Bxc3+
{[%clk 0:03:03]} 6. bxc3 {[%clk 0:03:06]} c5 {[%clk 0:03:04]} 7. Qg4
{[%clk 0:03:06]} Qc7 {[%clk 0:02:59]} 8. Bd3 {[%clk 0:03:07]} cxd4
{[%clk 0:02:32]} 9. Ne2 {[%clk 0:03:08]} dxc3 {[%clk 0:02:03]} 10. Qxg7
{[%clk 0:03:08]} Rg8 {[%clk 0:02:04]} 11. Qxh7 {[%clk 0:03:09]} Nbc6
{[%clk 0:01:46]} 12. Bf4 {[%clk 0:03:08]} Bd7 {[%clk 0:01:34]} 13. Bg3
{[%clk 0:03:06]} O-O-O {[%clk 0:01:26]} 14. O-O {[%clk 0:02:57]} Nxe5
{[%clk 0:01:06]} 15. Nd4 {[%clk 0:02:38]} Rh8 {[%clk 0:00:20]} 16. Qg7
{[%clk 0:02:36]} Rdg8 {[%clk 0:00:21]} 17. Qxe5 {[%clk 0:02:35]} Qxe5
{[%clk 0:00:14]} 18. Bxe5 {[%clk 0:02:36]} Rh5 {[%clk 0:00:16]} 19. Nf3
{[%clk 0:02:31]} Ng6 {[%clk 0:00:16]} 20. Bxg6 {[%clk 0:02:30]} Rxg6
{[%clk 0:00:17]} 21. Bxc3 {[%clk 0:02:27]} Rh7 {[%clk 0:00:09]} 22. Ne5
{[%clk 0:02:19]} Rgh6 {[%clk 0:00:08]} 23. h3 {[%clk 0:02:20]} Be8
{[%clk 0:00:08]} 24. Bd4 {[%clk 0:02:16]} f6 {[%clk 0:00:09]} 25. Ng4
{[%clk 0:02:17]} Rh4 {[%clk 0:00:07]} 26. Nxf6 {[%clk 0:02:05]} Re7
{[%clk 0:00:04]} 27. Bc5 {[%clk 0:01:59]} Kd8 {[%clk 0:00:06]} 28. Bxe7+
{[%clk 0:01:59]} Kxe7 {[%clk 0:00:07]} 29. Nxe8 {[%clk 0:01:59]} Kxe8
{[%clk 0:00:08]} 30. Rfe1 {[%clk 0:02:00]} 1-0